| 000 | 00665nam a22002417a 4500 | ||
|---|---|---|---|
| 005 | 20170124110055.0 | ||
| 010 | _a475723 | ||
| 020 | _c00.00 | ||
| 035 | _a475723 | ||
| 037 | _bCen Lib/Ret | ||
| 040 |
_aDPL _bEN |
||
| 082 |
_a610.9 _bHOW |
||
| 100 |
_aHowat, Anne _926149 |
||
| 245 |
_aThe story of health / _cby Anne Howat [and] Gerald Howat |
||
| 260 |
_aLondon _bPergamon Press _c1967 |
||
| 270 |
_a4 & 5,Fitzroy Square _bLondon |
||
| 300 |
_a118p. : _c20cm(Hb) _bill. |
||
| 500 | _aIncludes index | ||
| 650 |
_aMedicine _93881 |
||
| 650 |
_aPublic health _926150 |
||
| 700 |
_aHowat, Gerald _926141 |
||
| 942 |
_2ddc _cEN _h610.9 _mHOW |
||
| 999 |
_c129364 _d129364 |
||